000 01211cam a2200325 a 4500
001 12734417
003 ARRUPE
005 20211015095504.0
008 020409s2003 mau b 001 0 eng
010 _a 2002067839
020 _a0262072424 (hc. : alk. paper)
020 _a0262571625 (pbk. : alk. paper)
040 _aDLC
_cDLC
_dDLC
050 0 0 _aP325
_b.G364 2003
082 0 0 _a401/.43
_221
100 1 _aGauker, Christopher.
_950487
245 1 0 _aWords without meaning /
_cChristopher Gauker.
260 _aCambridge, Mass. :
_bMIT Press,
_cc2003.
300 _axi, 299 p. ;
_c21 cm.
440 0 _aContemporary philosophical monographs ;
_v3
_950488
500 _a"A Bradford book."
504 _aIncludes bibliographical references (p. [287]-294) and index.
650 0 _aSemantics.
_911339
650 0 _aLanguage and languages
_xPhilosophy.
650 0 _aSemantics (Philosophy)
650 0 _aPragmatics.
_99358
906 _a7
_bcbc
_corignew
_d1
_eocip
_f20
_gy-gencatlg
942 _2lcc
_cMONOGRAPH
999 _c130881
_d130881